| 000 | 00425nam a2200181Ia 4500 | ||
|---|---|---|---|
| 001 | 19684 | ||
| 005 | 20260306172711.0 | ||
| 008 | 260306t2007||||xx |||||||||||||| ||spa|| | ||
| 041 | _aESP | ||
| 082 |
_a341 _bD15 |
||
| 100 |
_aD'Agostino, Francesco _eAUT |
||
| 245 | 0 | _aFilosofía del derecho | |
| 260 | _c2007 | ||
| 300 |
_axxxi, 259 páginas : _c23 cm. |
||
| 650 | _aGEN | ||
| 654 | _aCDE | ||
| 942 |
_cLIB _dJUS _fJUS _2ddc _n |
||
| 999 |
_c19684 _d19684 |
||